| 000 | 00842nam a22002417a 4500 | ||
|---|---|---|---|
| 005 | 20100601105739.0 | ||
| 008 | 100601t xxu||||| |||| 00| 0 eng d | ||
| 010 | _aENG-96221 | ||
| 020 |
_a9780070153820 _c295.00 |
||
| 020 |
_a0070153825 _c295.00 |
||
| 035 | _aEN-79754 | ||
| 037 | _bDBAD/PUB | ||
| 040 |
_aDPL _bENG |
||
| 082 | _a621.381 | ||
| 100 | _aMandal, Soumitra Kumar | ||
| 245 |
_aDigital electronics: _bprinciples and applications / _cby Soumitra Kumar Mandal |
||
| 260 |
_aNew Delhi _bTata McGraw Hil _c2010 |
||
| 270 |
_a7, West Patel Nagar _bNew Delhi _e110008 |
||
| 300 |
_axiv, 706p. : _c24 cm (pbk) _bill. |
||
| 500 | _aincludes index | ||
| 942 |
_2ddc _cEN _mMAN _h621.381 |
||
| 999 |
_c36430 _d36430 |
||